[Event "Novosibirsk Siberia"]
[Site "Novosibirsk"]
[Date "2012.07.24"]
[Round "7"]
[White "Dzhumagaliev, Yan"]
[Black "Vekshenkov, Nikolai"]
[Result "1-0"]
[WhiteElo "2367"]
[BlackElo "2416"]
[PlyCount "57"]
[EventDate "2012.07.18"]
[EventType "tourn"]
[EventRounds "9"]
[EventCountry "RUS"]
[EventCategory "2"]
[SourceTitle "EXT 2013"]
[Source "ChessBase"]
[SourceDate "2012.11.22"]
[SourceVersion "1"]
[SourceVersionDate "2012.11.22"]
[SourceQuality "1"]

1. d4 Nf6 2. Nf3 e6 3. c4 Bb4+ 4. Nbd2 0-0 5. a3 Be7 6. g3 d5 7. Bg2 c6 8. 0-0 Nbd7 9. Qc2 b6 10. e4 dxe4 11. Ng5 Bb7 12. Rd1 h6 13. Ngxe4 Qc7 14. c5 Rfd8 15. Nxf6+ Nxf6 16. Nc4 Nd5 17. b4 b5 18. Na5 Rd7 19. Bb2 Rad8 20. Re1 Bf6 21. Nb3 Ne7 22. Be4 g6 23. h4 h5 24. a4 a6 25. Qe2 Nf5 26. Bxf5 exf5 27. d5 Bxb2 28. d6 Qb8 29. Qxb2 1-0

[Event "Novosibirsk Siberia"]
[Site "Novosibirsk"]
[Date "2012.07.22"]
[Round "5"]
[White "Gubsky, Egor"]
[Black "Vekshenkov, Nikolai"]
[Result "0-1"]
[WhiteElo "2143"]
[BlackElo "2416"]
[PlyCount "96"]
[EventDate "2012.07.18"]
[EventType "tourn"]
[EventRounds "9"]
[EventCountry "RUS"]
[EventCategory "2"]
[SourceTitle "EXT 2013"]
[Source "ChessBase"]
[SourceDate "2012.11.22"]
[SourceVersion "1"]
[SourceVersionDate "2012.11.22"]
[SourceQuality "1"]

1. d4 Nf6 2. c4 e6 3. Nf3 Bb4+ 4. Bd2 c5 5. e3 0-0 6. Bd3 b6 7. e4 Bxd2+ 8. Nbxd2 d6 9. Qe2 cxd4 10. Nxd4 Bb7 11. 0-0 Nc6 12. N2f3 Ne5 13. Bc2 a6 14. Rad1 Qc7 15. b3 Nxf3+ 16. Nxf3 b5 17. cxb5 axb5 18. Rc1 Qb6 19. Bb1 Rfc8 20. Rfd1 b4 21. Rxc8+ Rxc8 22. Nd2 Ba6 23. Nc4 Bxc4 24. bxc4 Qc5 25. Qd3 g6 26. g3 Qxc4 27. Qxd6 Nxe4 28. Bxe4 Qxe4 29. Qb6 h5 30. h4 Kg7 31. Qa7 e5 32. Qa4 Rc3 33. Ra1 Qd4 34. Kg2 Rxg3+ 35. fxg3 Qxa1 36. Qxb4 Qxa2+ 37. Kh3 Qa1 38. Qe4 Qd4 39. Qe1 e4 40. Kg2 Qb2+ 41. Kg1 Qd4+ 42. Kg2 Kh7 43. Qf1 Qd2+ 44. Kh3 Kg8 45. Qb5 e3 46. Qe8+ Kg7 47. Qe5+ Kh7 48. Qe7 Qf2 0-1

[Event "Novosibirsk Siberia"]
[Site "Novosibirsk"]
[Date "2012.07.21"]
[Round "4"]
[White "Vekshenkov, Nikolai"]
[Black "Bublei, Pavel"]
[Result "1/2-1/2"]
[WhiteElo "2416"]
[BlackElo "2337"]
[PlyCount "64"]
[EventDate "2012.07.18"]
[EventType "tourn"]
[EventRounds "9"]
[EventCountry "RUS"]
[EventCategory "2"]
[SourceTitle "EXT 2013"]
[Source "ChessBase"]
[SourceDate "2012.11.22"]
[SourceVersion "1"]
[SourceVersionDate "2012.11.22"]
[SourceQuality "1"]

1. e4 c6 2. d4 d5 3. Nd2 dxe4 4. Nxe4 Nf6 5. Nxf6+ exf6 6. Bc4 Qe7+ 7. Qe2 Bg4 8. Qxe7+ Bxe7 9. Ne2 Nd7 10. Bf4 Nb6 11. Bb3 0-0 12. h3 Be6 13. Bxe6 fxe6 14. 0-0-0 Rfd8 15. Rhe1 Rd7 16. Bg3 Nd5 17. c3 Kf7 18. Nf4 Nxf4 19. Bxf4 Rad8 20. Kc2 b5 21. Rd2 b4 22. Be3 bxc3 23. bxc3 Rb7 24. Rb1 Rxb1 25. Kxb1 Rb8+ 26. Rb2 Rxb2+ 27. Kxb2 Ke8 28. Kb3 Kd7 29. Kc4 h5 30. a4 Ba3 31. Kb3 Bf8 32. Kc4 Ba3 1/2-1/2

[Event "RUS Cup Regions"]
[Site "Belgorod"]
[Date "2008.11.27"]
[Round "8"]
[White "Smirnov, Pavel"]
[Black "Vekshenkov, Nikolai"]
[Result "1-0"]
[WhiteElo "2579"]
[BlackElo "2432"]
[PlyCount "73"]
[EventDate "2008.11.21"]
[EventType "swiss"]
[EventRounds "10"]
[EventCountry "RUS"]
[SourceTitle "EXT 2010"]
[Source "ChessBase"]
[SourceDate "2010.11.25"]
[SourceVersion "1"]
[SourceVersionDate "2010.11.25"]
[SourceQuality "1"]

1. e4 e5 2. Nf3 Nc6 3. Bb5 Nf6 4. 0-0 Nxe4 5. d4 Nd6 6. Bxc6 dxc6 7. dxe5 Nf5 8. Qxd8+ Kxd8 9. Nc3 Be6 10. Rd1+ Ke8 11. Ng5 Bc8 12. h3 h6 13. Nge4 h5 14. Bg5 Be7 15. Rd2 Be6 16. Rad1 b6 17. Ne2 Bd5 18. N2c3 Bxg5 19. Nxg5 Ne7 20. Nxd5 cxd5 21. e6 fxe6 22. Nxe6 Kd7 23. Re1 c6 24. Nxg7 Raf8 25. Rde2 Rf7 26. Ne6 Rg8 27. h4 Ng6 28. Ng5 Rf4 29. g3 Rb4 30. c3 Ra4 31. b3 Ra3 32. Nh7 Kc7 33. Nf6 Rh8 34. Ne8+ Kb7 35. Re6 Nf8 36. Re7+ Ka6 37. Nc7+ 1-0

[Event "RUS Cup Regions"]
[Site "Belgorod"]
[Date "2008.11.23"]
[Round "4"]
[White "Shcherbakov, Ruslan"]
[Black "Vekshenkov, Nikolai"]
[Result "1-0"]
[WhiteElo "2496"]
[BlackElo "2432"]
[PlyCount "49"]
[EventDate "2008.11.21"]
[EventType "swiss"]
[EventRounds "10"]
[EventCountry "RUS"]
[SourceTitle "EXT 2010"]
[Source "ChessBase"]
[SourceDate "2010.11.25"]
[SourceVersion "1"]
[SourceVersionDate "2010.11.25"]
[SourceQuality "1"]

1. e4 c5 2. Nf3 e6 3. c3 d5 4. e5 Nc6 5. d4 Nge7 6. Na3 cxd4 7. cxd4 Nf5 8. Nc2 Bd7 9. Bd3 Be7 10. h4 h6 11. h5 Qb6 12. Kf1 Nb4 13. Nxb4 Bxb4 14. g4 Nxd4 15. Be3 Bc5 16. Rc1 Nxf3 17. Bxc5 Qxb2 18. Rc2 Qxe5 19. Qxf3 Bc6 20. Rh3 d4 21. Qg3 Qd5 22. Qc7 Bd7 23. Bc4 Qe4 24. Qd6 0-0-0 25. Bd3 1-0

[Event "Sibiria Region-ch"]
[Site "Novokuznetsk"]
[Date "2008.03.13"]
[Round "1"]
[White "Vekshenkov, Nikolai"]
[Black "Vladimirov, Mikhail"]
[Result "1-0"]
[WhiteElo "2432"]
[BlackElo "2195"]
[PlyCount "67"]
[EventDate "2008.03.13"]
[EventType "swiss"]
[EventRounds "9"]
[EventCountry "RUS"]
[SourceTitle "CBM 123 Extra"]
[Source "ChessBase"]
[SourceDate "2008.05.06"]
[SourceVersion "1"]
[SourceVersionDate "2008.05.06"]
[SourceQuality "1"]

1. d4 Nf6 2. Nf3 g6 3. c4 Bg7 4. Nc3 0-0 5. e4 d6 6. Be2 e5 7. 0-0 Na6 8. Re1 Qe8 9. Bf1 Bg4 10. d5 Nb4 11. Rb1 a5 12. a3 Na6 13. b4 axb4 14. axb4 b6 15. Bd2 Nb8 16. h3 Bxf3 17. Qxf3 c5 18. bxc5 bxc5 19. Rb7 Qc8 20. Reb1 Na6 21. R7b6 Qc7 22. Rc6 Qe7 23. Nb5 Rfb8 24. Ra1 Nb4 25. Rxa8 Nxc6 26. Qa3 Qf8 27. Rxb8 Nxb8 28. Bd3 Nfd7 29. Qa7 Bf6 30. Ba5 Be7 31. Bc7 f5 32. exf5 gxf5 33. Bxb8 Nxb8 34. Bxf5 1-0

[Event "RUS Cup tt"]
[Site "Miass"]
[Date "2007.11.26"]
[Round "9"]
[White "Ponkratov, Pavel"]
[Black "Vekshenkov, Nikolai"]
[Result "1/2-1/2"]
[WhiteElo "2478"]
[BlackElo "2420"]
[PlyCount "109"]
[EventDate "2007.11.19"]
[EventType "swiss"]
[EventRounds "10"]
[EventCountry "RUS"]
[SourceTitle "CBM 121 Extra"]
[Source "ChessBase"]
[SourceDate "2008.01.10"]
[SourceVersion "1"]
[SourceVersionDate "2008.01.10"]
[SourceQuality "1"]

1. e4 c5 2. Nf3 e6 3. d4 cxd4 4. Nxd4 Nc6 5. Nc3 Qc7 6. Be2 a6 7. 0-0 Nf6 8. Be3 Be7 9. f4 d6 10. Qe1 0-0 11. Kh1 Nxd4 12. Bxd4 b5 13. a3 Bb7 14. Qg3 Rad8 15. Rae1 Rd7 16. Bd3 Qd8 17. Qh3 g6 18. Nd1 Re8 19. Nf2 Bf8 20. Bxf6 Qxf6 21. Ng4 Qxb2 22. f5 Bg7 23. Qh4 Qc3 24. f6 Bf8 25. Re3 Qc5 26. Nh6+ Kh8 27. Rh3 Qh5 28. Qf4 Qe5 29. Qd2 Bxe4 30. Re1 Bxg2+ 31. Kxg2 Qxf6 32. Rf1 Qg7 33. Kh1 f5 34. Rg1 Qf6 35. Qg2 d5 36. Nxf5 exf5 37. Qxg6 Qxg6 38. Rxg6 Rg7 39. Rxg7 Kxg7 40. Bxf5 h6 41. Rg3+ Kf6 42. Rf3 Re1+ 43. Kg2 Re2+ 44. Kf1 Rxh2 45. Bc8+ Ke7 46. Bxa6 Rxc2 47. Bxb5 Bg7 48. a4 Ra2 49. Re3+ Kf6 50. Re2 Ra1+ 51. Kg2 Kg5 52. Rd2 d4 53. Rf2 Be5 54. Rf1 Ra2+ 55. Rf2 1/2-1/2

[Event "Novosibirsk Sibiria-A"]
[Site "Novosibirsk"]
[Date "2007.07.20"]
[Round "1"]
[White "Kaiyrbekov, Rustam"]
[Black "Vekshenkov, Nikolai"]
[Result "0-1"]
[WhiteElo "2293"]
[BlackElo "2422"]
[PlyCount "106"]
[EventDate "2007.07.20"]
[EventType "tourn"]
[EventRounds "11"]
[EventCountry "RUS"]
[EventCategory "4"]
[SourceTitle "CBM 119 Extra"]
[Source "ChessBase"]
[SourceDate "2007.09.04"]
[SourceVersion "1"]
[SourceVersionDate "2007.09.04"]
[SourceQuality "1"]

1. d4 Nf6 2. c4 e6 3. Nf3 Bb4+ 4. Nbd2 b6 5. a3 Bxd2+ 6. Qxd2 a5 7. b3 Bb7 8. g3 0-0 9. Bg2 d6 10. 0-0 Nbd7 11. Bb2 Qe7 12. Rfe1 Rfb8 13. b4 axb4 14. axb4 Qe8 15. Nh4 Bxg2 16. Nxg2 Rxa1 17. Rxa1 Ra8 18. Qd1 Qb8 19. Ra4 b5 20. cxb5 Nb6 21. Rxa8 Qxa8 22. Qc2 Qa4 23. Ne3 Qxc2 24. Nxc2 Na4 25. Ba1 d5 26. Kf1 Kf8 27. Ke1 Ke7 28. f3 Ne8 29. Kd2 Nd6 30. Na3 Nb6 31. Kc2 Nbc4 32. Nxc4 Nxc4 33. Kb3 Kd7 34. Bc3 Kc8 35. g4 Kb7 36. Be1 Nd6 37. h4 Nxb5 38. Bf2 Kb6 39. h5 c6 40. g5 g6 41. h6 Ka6 42. e4 dxe4 43. fxe4 Nd6 44. e5 Ne4 45. Kc4 Nxf2 46. Kc5 Kb7 47. Kd6 Ne4+ 48. Ke7 Nxg5 49. Kf6 Ne4+ 50. Kg7 g5 51. Kxh7 g4 52. Kg7 Ng5 53. Kf6 g3 0-1

[Event "Novosibirsk-ch"]
[Site "Novosibirsk"]
[Date "2007.02.22"]
[Round "9"]
[White "Novikova, Anna"]
[Black "Vekshenkov, Nikolai"]
[Result "1-0"]
[WhiteElo "2245"]
[BlackElo "2438"]
[PlyCount "93"]
[EventDate "2007.02.14"]
[EventType "swiss"]
[EventRounds "9"]
[EventCountry "RUS"]
[SourceTitle "EXT 2008"]
[Source "ChessBase"]
[SourceDate "2007.11.25"]
[SourceVersion "1"]
[SourceVersionDate "2007.11.25"]
[SourceQuality "1"]

1. e4 c5 2. c3 d5 3. exd5 Qxd5 4. d4 Nc6 5. Nf3 Bg4 6. Be2 cxd4 7. cxd4 e6 8. 0-0 Nf6 9. h3 Bh5 10. Nc3 Qa5 11. Be3 Bd6 12. a3 0-0 13. b4 Qd8 14. Qb3 Rc8 15. Rac1 Bb8 16. Rfd1 Ne7 17. Bg5 Ned5 18. Ne4 Rxc1 19. Rxc1 h6 20. Bh4 g5 21. Nxf6+ Qxf6 22. Bg3 Bxg3 23. fxg3 Bxf3 24. Bxf3 Qxd4+ 25. Kh2 Rd8 26. Rd1 Qe5 27. a4 b6 28. Qc4 Kg7 29. Qb5 Qd6 30. a5 bxa5 31. Qxa5 Rd7 32. Qa1+ Kg8 33. Qd4 Qe7 34. Rc1 Nf6 35. Rc8+ Kg7 36. Qc3 e5 37. Rc5 Rd4 38. b5 Qd6 39. Rc7 Nd5 40. Bxd5 Qxd5 41. Rc5 Qe4 42. Rc8 Rd5 43. Qa3 Rxb5 44. Qf8+ Kg6 45. Qg8+ Kf6 46. Qh8+ Kf5 47. Qh7+ 1-0

[Event "Koltsovo op-A"]
[Site "Koltsovo"]
[Date "2006.06.18"]
[Round "7"]
[White "Vekshenkov, Nikolai"]
[Black "Karpov, Alexander"]
[Result "1/2-1/2"]
[WhiteElo "2457"]
[BlackElo "2365"]
[PlyCount "32"]
[EventDate "2006.06.12"]
[EventType "swiss"]
[EventRounds "9"]
[EventCountry "RUS"]
[SourceTitle "EXT 2008"]
[Source "ChessBase"]
[SourceDate "2007.11.25"]
[SourceVersion "1"]
[SourceVersionDate "2007.11.25"]
[SourceQuality "1"]

1. c4 e6 2. Nf3 d5 3. d4 Nf6 4. g3 Be7 5. Bg2 0-0 6. 0-0 dxc4 7. Ne5 c5 8. dxc5 Qc7 9. Nxc4 Qxc5 10. b3 Rd8 11. Nbd2 Nc6 12. Ba3 Nb4 13. Bb2 Qh5 14. a3 Nc6 15. e4 Qxd1 16. Rfxd1 b5 1/2-1/2

[Event "Koltsovo op-A"]
[Site "Koltsovo"]
[Date "2006.06.14"]
[Round "3"]
[White "Vekshenkov, Nikolai"]
[Black "Karpova, Lyudmila"]
[Result "1/2-1/2"]
[WhiteElo "2457"]
[BlackElo "2156"]
[PlyCount "39"]
[EventDate "2006.06.12"]
[EventType "swiss"]
[EventRounds "9"]
[EventCountry "RUS"]
[SourceTitle "EXT 2008"]
[Source "ChessBase"]
[SourceDate "2007.11.25"]
[SourceVersion "1"]
[SourceVersionDate "2007.11.25"]
[SourceQuality "1"]

1. c4 e6 2. Nf3 d5 3. g3 Nf6 4. Bg2 Be7 5. d4 0-0 6. Qc2 dxc4 7. Qxc4 a6 8. Bf4 Nd5 9. 0-0 Nxf4 10. gxf4 b5 11. Qc2 Bb7 12. Nbd2 Nc6 13. Nb3 Nb4 14. Qc1 Bd5 15. Qc3 Bd6 16. Nc5 Bxc5 17. Qxc5 Qd6 18. a3 Qxc5 19. dxc5 Nc6 20. Rfd1 1/2-1/2

[Event "RUS-chT 11th"]
[Site "Sochi"]
[Date "2004.04.28"]
[Round "9.3"]
[White "Vekshenkov, Nikolai"]
[Black "Ivanov, Sergey"]
[Result "1-0"]
[WhiteElo "2462"]
[BlackElo "2546"]
[PlyCount "127"]
[EventDate "2004.04.20"]
[EventType "team-tourn"]
[EventRounds "9"]
[EventCountry "RUS"]
[SourceTitle "EXT 2020"]
[Source "ChessBase"]
[SourceDate "2019.10.17"]
[SourceVersion "1"]
[SourceVersionDate "2019.10.17"]
[SourceQuality "1"]
[WhiteTeam "Vladivostok Debiut-DVGU"]
[BlackTeam "Sankt Petersburg"]
[WhiteTeamCountry "RUS"]
[BlackTeamCountry "RUS"]

1. d4 Nf6 2. Nf3 d5 3. c4 e6 4. e3 b6 5. Bd3 Bb7 6. 0-0 Bd6 7. Nc3 0-0 8. Re1 c5 9. dxc5 bxc5 10. b3 Nbd7 11. Bb2 Ne5 12. Nxe5 Bxe5 13. Qe2 Rc8 14. cxd5 exd5 15. Bf5 Rb8 16. Na4 Bxb2 17. Qxb2 d4 18. Nxc5 Bxg2 19. Qxd4 Bf3 20. Qxd8 Rfxd8 21. Rac1 g6 22. Bh3 Rd5 23. e4 Rh5 24. Nd7 Nxe4 25. Rxe4 Rxh3 26. Re3 Rb5 27. Rc5 Rxc5 28. Nxc5 Bg4 29. Re7 Rc3 30. Ne4 Rc6 31. Kg2 Re6 32. Rxe6 Bxe6 33. Nc3 Kf8 34. b4 Ke7 35. Kf3 Kd6 36. Ke4 a6 37. Kd4 h6 38. Ne4+ Kc6 39. a4 Bb3 40. Nc3 Kd6 41. Ne4+ Kc6 42. Nc5 Bc2 43. Nxa6 Bxa4 44. Nc5 Bc2 45. Kc4 Bd1 46. b5+ Kd6 47. Ne4+ Ke5 48. b6 Be2+ 49. Kc3 Ba6 50. Nc5 Bc8 51. Kd2 Kf4 52. Ke2 Kg4 53. Kf1 Kh3 54. Kg1 g5 55. b7 Bxb7 56. Nxb7 f5 57. Nd6 f4 58. Nf7 g4 59. Nxh6 g3 60. hxg3 fxg3 61. f3 g2 62. Ng4 Kg3 63. Nh2 Kh3 64. f4 1-0

[Event "RUS-chT 11th"]
[Site "Sochi"]
[Date "2004.04.23"]
[Round "4.4"]
[White "Vekshenkov, Nikolai"]
[Black "Timofeev, Artyom"]
[Result "1-0"]
[WhiteElo "2462"]
[BlackElo "2591"]
[PlyCount "71"]
[EventDate "2004.04.20"]
[EventType "team-tourn"]
[EventRounds "9"]
[EventCountry "RUS"]
[SourceTitle "EXT 2020"]
[Source "ChessBase"]
[SourceDate "2019.10.17"]
[SourceVersion "1"]
[SourceVersionDate "2019.10.17"]
[SourceQuality "1"]
[WhiteTeam "Vladivostok Debiut-DVGU"]
[BlackTeam "Kazan Ladya"]
[WhiteTeamCountry "RUS"]
[BlackTeamCountry "RUS"]

1. d4 Nf6 2. Nf3 g6 3. c4 Bg7 4. Nc3 d5 5. e3 0-0 6. Bd2 c5 7. dxc5 Na6 8. cxd5 Nxc5 9. Bc4 a6 10. a4 Bf5 11. 0-0 Rc8 12. Nd4 Bd3 13. Bxd3 Nxd3 14. Qb1 Ne5 15. e4 Qb6 16. Nce2 e6 17. dxe6 fxe6 18. Bc3 g5 19. h3 Rf7 20. a5 Qd6 21. f4 gxf4 22. Nxf4 Rc4 23. Ndxe6 Nxe4 24. Qd1 Qxd1 25. Raxd1 Nxc3 26. Rd8+ Bf8 27. bxc3 Nc6 28. Ra8 Re4 29. g3 h6 30. Rd1 Rf6 31. h4 Re5 32. Nxf8 Rxf8 33. Rxf8+ Kxf8 34. Ng6+ Kf7 35. Nxe5+ Nxe5 36. Rb1 1-0

[Event "RUS-chT 11th"]
[Site "Sochi"]
[Date "2004.04.21"]
[Round "2.4"]
[White "Vekshenkov, Nikolai"]
[Black "Korotylev, Alexey"]
[Result "0-1"]
[WhiteElo "2462"]
[BlackElo "2565"]
[PlyCount "54"]
[EventDate "2004.04.20"]
[EventType "team-tourn"]
[EventRounds "9"]
[EventCountry "RUS"]
[SourceTitle "EXT 2020"]
[Source "ChessBase"]
[SourceDate "2019.10.17"]
[SourceVersion "1"]
[SourceVersionDate "2019.10.17"]
[SourceQuality "1"]
[WhiteTeam "Vladivostok Debiut-DVGU"]
[BlackTeam "Samara Termosteps"]
[WhiteTeamCountry "RUS"]
[BlackTeamCountry "RUS"]

1. d4 Nf6 2. c4 e6 3. g3 d5 4. Nf3 dxc4 5. Bg2 a6 6. a4 Nc6 7. 0-0 Rb8 8. a5 Bb4 9. Na3 c3 10. Nc4 cxb2 11. Bxb2 0-0 12. Qc2 Be7 13. Rfd1 Nb4 14. Qb1 Bd7 15. e4 Bb5 16. Ne3 b6 17. d5 Be2 18. Bxf6 Bxf6 19. Qxb4 Bxa1 20. Rxa1 Bxf3 21. Bxf3 Qf6 22. Kg2 Qxa1 23. dxe6 fxe6 24. Bg4 Qf6 25. f4 bxa5 26. Qc4 Kh8 27. e5 Rb2+ 0-1

[Event "RUS-ch 56th"]
[Site "Krasnoyarsk"]
[Date "2003.09.06"]
[Round "4"]
[White "Vekshenkov, Nikolai"]
[Black "Dvoirys, Semen I"]
[Result "0-1"]
[WhiteElo "2451"]
[BlackElo "2555"]
[PlyCount "116"]
[EventDate "2003.09.03"]
[EventType "swiss"]
[EventRounds "9"]
[EventCountry "RUS"]
[SourceTitle "CBM 098"]
[Source "ChessBase"]
[SourceDate "2004.02.03"]
[SourceVersion "1"]
[SourceVersionDate "2004.02.03"]
[SourceQuality "1"]

1. d4 Nf6 2. Nf3 g6 3. c4 Bg7 4. g3 0-0 5. Bg2 d6 6. Nc3 Nbd7 7. 0-0 e5 8. e4 exd4 9. Nxd4 Re8 10. h3 c6 11. Re1 a5 12. Bf4 Ne5 13. b3 Nfd7 14. Be3 Nc5 15. Re2 a4 16. f4 Qa5 17. fxe5 Qxc3 18. Rc1 Qd3 19. b4 dxe5 20. bxc5 Qxd1+ 21. Rxd1 exd4 22. Bxd4 Bxd4+ 23. Rxd4 Ra5 24. Rb2 Rxc5 25. Rb4 Ra5 26. Rd3 a3 27. Rbb3 Be6 28. Rxa3 Rxa3 29. Rxa3 Bxc4 30. Ra4 b5 31. Ra6 b4 32. Rxc6 Bxa2 33. Rb6 b3 34. e5 Rxe5 35. Kf2 Kf8 36. Bf1 Rc5 37. Bd3 Ke7 38. Ke3 Kd7 39. Kd4 Rg5 40. Rb7+ Kc8 41. Rxf7 b2 42. Rxh7 b1Q 43. Bxb1 Bxb1 44. h4 Rxg3 45. Ke5 Rf3 46. Kd6 Rf6+ 47. Ke7 Rf5 48. Rf7 Rh5 49. Rf4 Bf5 50. Rc4+ Kb7 51. Kd6 Kb6 52. Rb4+ Ka5 53. Rd4 Kb5 54. Rf4 Rh8 55. Kd5 Bd3 56. Rf3 Be2 57. Rb3+ Ka4 58. Re3 Bh5 0-1

[Event "RUS-chT 10th final B"]
[Site "Togliatti"]
[Date "2003.05.25"]
[Round "3"]
[White "Vekshenkov, Nikolai"]
[Black "Beletsky, Alexey"]
[Result "1-0"]
[WhiteElo "2417"]
[BlackElo "2439"]
[PlyCount "75"]
[EventDate "2003.05.23"]
[EventType "team-tourn"]
[EventRounds "3"]
[EventCountry "RUS"]
[SourceTitle "EXT 2020"]
[Source "ChessBase"]
[SourceDate "2019.10.17"]
[SourceVersion "1"]
[SourceVersionDate "2019.10.17"]
[SourceQuality "1"]
[WhiteTeam "Vladivostok Debiut-DVGU"]
[BlackTeam "Tomsk Siberian Athens-Neftekhim"]
[WhiteTeamCountry "RUS"]
[BlackTeamCountry "RUS"]

1. Nf3 Nf6 2. c4 c5 3. Nc3 g6 4. d4 cxd4 5. Nxd4 Bg7 6. e4 Nc6 7. Be3 0-0 8. Be2 d6 9. 0-0 Nd7 10. Rb1 Nc5 11. b4 Ne6 12. Nxe6 fxe6 13. Qd2 b6 14. Rfd1 h5 15. Nd5 Kh7 16. Nf4 e5 17. Nd5 e6 18. Nc3 Nd4 19. Nb5 Nxb5 20. cxb5 Bb7 21. Qxd6 Bxe4 22. Rbc1 Bd5 23. Qxd8 Rfxd8 24. a4 Rdc8 25. a5 Bf8 26. axb6 axb6 27. Bxb6 Bxb4 28. Be3 Bc3 29. b6 Rab8 30. h4 Kg7 31. Rc2 Bb3 32. Rd7+ Kf6 33. Rc1 Bd4 34. Rxc8 Rxc8 35. b7 Rb8 36. Bg5+ Kf5 37. Bd3+ Kg4 38. Rf7 1-0

[Event "Sibiria Region-ch"]
[Site "Novosibirsk"]
[Date "2003.??.??"]
[Round "4"]
[White "Vekshenkov, Nikolai"]
[Black "Belozerov, Andrei"]
[Result "0-1"]
[WhiteElo "2457"]
[BlackElo "2548"]
[PlyCount "118"]
[EventDate "2003.05.??"]
[EventType "swiss"]
[EventRounds "9"]
[EventCountry "RUS"]
[SourceTitle "EXT 2008"]
[Source "ChessBase"]
[SourceDate "2007.11.25"]
[SourceVersion "1"]
[SourceVersionDate "2007.11.25"]
[SourceQuality "1"]

1. d4 Nf6 2. Nf3 d5 3. c4 e6 4. g3 Be7 5. Bg2 0-0 6. 0-0 dxc4 7. Qc2 a6 8. Qxc4 b5 9. Qc2 Bb7 10. Bd2 Be4 11. Qc1 Bb7 12. Qc2 Ra7 13. Bg5 Nbd7 14. Nbd2 Qa8 15. e4 h6 16. Bxf6 Nxf6 17. Rfe1 Rc8 18. Rad1 c5 19. Qb1 Rd8 20. e5 Nd7 21. Ne4 Bd5 22. dxc5 Nxc5 23. Nxc5 Bxc5 24. Nh4 Rad7 25. Bxd5 Rxd5 26. Rxd5 Qxd5 27. Ng2 Qd2 28. Ne3 Bxe3 29. Rxe3 Rc8 30. Qd3 Qxb2 31. Qd7 Qc1+ 32. Kg2 Qc6+ 33. Qxc6 Rxc6 34. Rd3 g5 35. Rd8+ Kg7 36. Ra8 Kg6 37. Ra7 Rb6 38. g4 Rc6 39. h3 Kg7 40. a3 Kg6 41. f3 Rc5 42. Rxa6 Rxe5 43. Kg3 Re3 44. Rb6 Rb3 45. Ra6 h5 46. gxh5+ Kxh5 47. Rb6 f5 48. Rxe6 f4+ 49. Kg2 Rxa3 50. Rb6 Ra2+ 51. Kf1 Rb2 52. Rb8 Kh4 53. Rg8 b4 54. Ke1 b3 55. Rb8 Kxh3 56. Rb5 Kh4 57. Kf1 Kg3 58. Rxg5+ Kxf3 59. Kg1 Rc2 0-1

[Event "Sibiria Region-ch"]
[Site "Novosibirsk"]
[Date "2003.??.??"]
[Round "1"]
[White "Vekshenkov, Nikolai"]
[Black "Kolpakov, Evgeny"]
[Result "1-0"]
[WhiteElo "2457"]
[BlackElo "2242"]
[PlyCount "55"]
[EventDate "2003.05.??"]
[EventType "swiss"]
[EventRounds "9"]
[EventCountry "RUS"]
[SourceTitle "EXT 2008"]
[Source "ChessBase"]
[SourceDate "2007.11.25"]
[SourceVersion "1"]
[SourceVersionDate "2007.11.25"]
[SourceQuality "1"]

1. Nf3 Nf6 2. c4 g6 3. Nc3 Bg7 4. e4 d6 5. d4 0-0 6. Be2 Nbd7 7. 0-0 e5 8. Qc2 Re8 9. d5 a5 10. Bg5 Nc5 11. Nd2 h6 12. Be3 b6 13. a3 Ng4 14. Bxg4 Bxg4 15. b4 Nb7 16. Na4 Bd7 17. Nb2 f5 18. f3 f4 19. Bf2 Kh7 20. Nd3 c5 21. dxc6 Bxc6 22. Nb2 b5 23. Rfd1 axb4 24. axb4 Rxa1 25. Rxa1 bxc4 26. Ndxc4 Qd7 27. Nb6 Qc7 28. Rc1 1-0

[Event "RUS-ch sf"]
[Site "Novosibirsk"]
[Date "2002.??.??"]
[Round "2"]
[White "Maletin, Pavel"]
[Black "Vekshenkov, Nikolai"]
[Result "1-0"]
[WhiteElo "2329"]
[BlackElo "2417"]
[PlyCount "55"]
[EventDate "2002.??.??"]
[EventType "swiss"]
[EventRounds "9"]
[EventCountry "RUS"]
[SourceTitle "EXT 2007"]
[Source "ChessBase"]
[SourceDate "2006.11.23"]
[SourceVersion "1"]
[SourceVersionDate "2006.11.23"]
[SourceQuality "1"]

1. e4 e6 2. d4 d5 3. Nd2 dxe4 4. Nxe4 Bd7 5. Nf3 Bc6 6. Bd3 Nd7 7. Qe2 Ngf6 8. Ng3 Bxf3 9. Qxf3 c6 10. Bd2 Qb6 11. Ne2 Qxb2 12. 0-0 Qb6 13. Rab1 Qc7 14. Bf4 Qc8 15. c4 Be7 16. d5 e5 17. Bg5 Nc5 18. d6 e4 19. Bxe4 Ncxe4 20. Bxf6 Nxf6 21. dxe7 Kxe7 22. Nd4 Rd8 23. Nf5+ Kf8 24. Qf4 Rd7 25. Nxg7 Qd8 26. Nf5 Ng8 27. Qg4 Qf6 28. Nh6 1-0